LEADER 01315nas 2200433- 450 001 9910647789903321 005 20230327212854.0 011 $a1757-1960 035 $a(OCoLC)700003570 035 $a(CKB)1000000000805141 035 $a(CONSER)--2017208462 035 $a(EXLCZ)991000000000805141 100 $a20100315a20099999 --- a 101 0 $aeng 135 $aurmnu|||||||| 181 $ctxt$2rdacontent 182 $cc$2rdamedia 183 $acr$2rdacarrier 200 00$aEmpedocles $eEuropean journal for the philosophy of communication 210 1$aBristol :$cIntellect,$d2009- 215 $a1 online resource 300 $aRefereed/Peer-reviewed 311 $a1757-1952 517 1 $aEJPC 517 1 $aEuropean journal for the philosophy of communication 531 $aEMPEDOCLES 606 $aCommunication$xPhilosophy$vPeriodicals 606 $aCommunication$xPhilosophy$2fast$3(OCoLC)fst00869981 608 $aPeriodicals.$2fast 610 $aPhilosophy 615 0$aCommunication$xPhilosophy 615 7$aCommunication$xPhilosophy. 676 $a302.201 712 02$aIntellect (Firm), 712 02$aEuropean Communication Research and Education Association, 906 $aJOURNAL 912 $a9910647789903321 996 $aEmpedocles$91272932 997 $aUNINA LEADER 01851oam 2200481M 450 001 9910716380803321 005 20200213070548.8 035 $a(CKB)5470000002520324 035 $a(OCoLC)1065871496 035 $a(OCoLC)995470000002520324 035 $a(EXLCZ)995470000002520324 100 $a20071213d1926 ua 0 101 0 $aeng 135 $aurcn||||||||| 181 $ctxt$2rdacontent 182 $cc$2rdamedia 183 $acr$2rdacarrier 200 10$aBridge across the Mississippi River at or near Louisiana, Mo. March 27 (calendar day, March 30), 1926. -- Ordered to be printed 210 1$a[Washington, D.C.] :$c[U.S. Government Printing Office],$d1926. 215 $a1 online resource (2 pages) 225 1 $aSenate report / 69th Congress, 1st session. Senate ;$vno. 506 225 1 $a[United States congressional serial set ] ;$v[serial no. 8525] 300 $aBatch processed record: Metadata reviewed, not verified. Some fields updated by batch processes. 300 $aFDLP item number not assigned. 517 $aBridge across the Mississippi River at or near Louisiana, Mo. March 27 606 $aBridge construction industry 606 $aBridges$xDesign and construction 606 $aBridges 606 $aLegislative amendments 608 $aLegislative materials.$2lcgft 615 0$aBridge construction industry. 615 0$aBridges$xDesign and construction. 615 0$aBridges. 615 0$aLegislative amendments. 701 $aBingham$b Hiram$f1875-1956$pRepublican (CT)$0463205 801 0$bWYU 801 1$bWYU 801 2$bOCLCO 801 2$bOCLCQ 906 $aBOOK 912 $a9910716380803321 996 $aBridge across the Mississippi River at or near Louisiana, Mo. March 27 (calendar day, March 30), 1926. -- Ordered to be printed$93462932 997 $aUNINA LEADER 01253nam 2200397 450 001 9910793183903321 005 20230124200155.0 010 $a1-5275-1457-9 035 $a(CKB)4100000005599245 035 $a(MiAaPQ)EBC5477620 035 $a(EXLCZ)994100000005599245 100 $a20180905d2018 uy 0 101 0 $aeng 135 $aurcnu|||||||| 181 $ctxt$2rdacontent 182 $cc$2rdamedia 183 $acr$2rdacarrier 200 00$aFormal methods in architecture and urbanism /$fedited by David Leite Viana, Franklim Morais and Jorge Vieira Vaz 210 1$aNewcastle upon Tyne, UK :$cCambridge Scholars Publishing,$d2018. 215 $a1 online resource (405 pages) 311 $a1-5275-0762-9 606 $aArchitecture$xData processing 606 $aFormal methods (Computer science) 615 0$aArchitecture$xData processing. 615 0$aFormal methods (Computer science) 676 $a720.28402855369 702 $aViana$b David Leite 702 $aMorais$b Franklim 702 $aVaz$b Jorge Vieira 801 0$bMiAaPQ 801 1$bMiAaPQ 801 2$bMiAaPQ 906 $aBOOK 912 $a9910793183903321 996 $aFormal methods in architecture and urbanism$93758212 997 $aUNINA